Anjil Arbaa Ki Zuban Aur Chand Ayaat Ka Tarjuma. (Record no. 1483)

MARC details
000 -LEADER
fixed length control field 00468nam a2200157 a 4500
082 00 - DEWEY DECIMAL CLASSIFICATION NUMBER
Classification number 220.5914
Author Cutter BAR
100 ## - MAIN ENTRY--AUTHOR NAME
Author name Barkatullah, Archdeacon
245 ## - TITLE STATEMENT
Title Anjil Arbaa Ki Zuban Aur Chand Ayaat Ka Tarjuma.
260 ## - PUBLICATION, DISTRIBUTION, ETC. (IMPRINT)
Place of publication Amritsar
Name of publisher Rama Art Press
Year of publication 1953
300 ## - PHYSICAL DESCRIPTION
Number of Pages 96p
500 ## - GENERAL NOTE
General note includes index and biblioraphy
505 2# - FORMATTED CONTENTS NOTE
Formatted contents note Aramaic Approach to the Four Gospels By Archdeacon Barkat Ullah
650 ## - SUBJECT ADDED ENTRY--TOPICAL TERM
Topical Term Bible-Urdu
942 ## - ADDED ENTRY ELEMENTS (KOHA)
Koha item type Books
700 1# -
-- Barkatullah, Archdeacon
Holdings
Home library Current library Date acquired Cost, normal purchase price Full call number Accession Number Koha item type
Henry Martyn Institute Library Henry Martyn Institute Library 04/11/2018 0.75 220.5914 BAR 04678 Books
Henry Martyn Institute Library Henry Martyn Institute Library 04/11/2018 0.75 220.5914 BAR 05106 Books
                   Copyright © 2026 | Henry Martyn Institute | Hyderabad | TS-500052 | INDIA | Implemented by hmi.edu.in
Hit-Count:

Powered by Koha